Random Latin Sentences #1 - Statistics

General Stats
  • This quiz has been taken 95 times
  • The average score is 17 of 23
Answer Stats
Latin English % Correct
Ego I
99%
Ego I
99%
Tu You
99%
Tu You
99%
Est Is
96%
Canis Dog
95%
Canis Dog
95%
Canis Dog
95%
Canis Dog
95%
Meus My
92%
Meus My
92%
Meus My
92%
Sum Am
84%
Non Not
83%
Cum With
70%
Iratus Mad
68%
Ubi Where
68%
Laetus Happy
56%
Mortavit Died
44%
Arrapis Stole
25%
Iam Now
21%
Fossa Hole
14%
Verisimile Probably
9%
No matching quizzes found
Score Distribution
Percent of People with Each Score
Percentile by Number Answered
Your Score History
You have not taken this quiz